ნორმალური ფორმატი
MARC ფორმატი
ჩანაწერი Topical Term
ჩანაწერთა რაოდენობა, რომელიც გამოყენებულია: 1
001 - CONTROL NUMBER
- control field: 9810
003 - CONTROL NUMBER IDENTIFIER
- control field: GE_BSU
005 - DATE AND TIME OF LATEST TRANSACTION
- control field: 20201201132034.0
008 - FIXED-LENGTH DATA ELEMENTS
- fixed length control field: 201201|| aca||aabn | a|a d
040 ## - CATALOGING SOURCE
- Original cataloging agency: GE_BSU
- Transcribing agency: GE_BSU
150 ## - HEADING--TOPICAL TERM
- Topical term or geographic name entry element: Political violence
- General subdivision: Economic aspects
- Geographic subdivision: Islamic countries.
670 ## - SOURCE DATA FOUND
- Source citation: Work cat.: (GE_BSU)0: Ahmad, Aisha, author. 9807, Jihad & Co. :
